| 000 | 00000nam##2200000za#4500 |
| 001 | 9.577508 |
| 003 | CaOODSP |
| 005 | 20210624185638 |
| 007 | cr ||||||||||| |
| 008 | 150406|1980||||xxc|||||o f|0| 0 eng|d |
| 022 | |a1488-5379 |
| 040 | |aCaOODSP|beng |
| 043 | |an-cn--- |
| 086 | 1 |aFs97-6/935E-PDF |
| 110 | 1 |aCanada. |bDepartment of Fisheries and Oceans. |
| 245 | 12|aA review of the systematic and ecology of Arctic char, Salvelinus alpines, in the Western Arctic / |h[electronic resource]|cby P.J. McCart. |
| 260 | |aWinnipeg - Manitoba : |bFisheries and Oceans Canada |c1980. |
| 300 | |a101p.|bfigs., references, tables |
| 490 | 1 |aCanadian technical report of fisheries and aquatic sciences|x1488-5379|vNo. 935 |
| 500 | |aOn cover: Western Region, Winnipeg, Manitoba. The catalogue number and ISSN for the print edition appear in the PDF version. |
| 546 | |a(Résumé en français) |
| 590 | |a13-23-Supp|b2013-10-08 |
| 720 | 1 |aMcCart, P. J. |
| 830 | #0|aCanadian technical report of fisheries and aquatic sciences,|x1488-5379|vNo. 935|w(CaOODSP)9.504449 |
| 856 | 40|ahttp://publications.gc.ca|qPDF|s5160 KB|uhttps://publications.gc.ca/collections/collection_2013/mpo-dfo/Fs97-6-935-eng.pdf|yNo. 935 |